00481 2200193 4500001002100000005001500021008004100036020001800077035001900095041000700114082001000121090001600131100001600147245002600163260004000189300002300229650001600252990001900268INLIS00000000000837020241224113633241224||||||||| | ||| |||| || |  a979-769-019-9 0010-1224008370 aid0 a297.3 a297.3 AMR j0 aAmru Khalid00aJika Anda Mau Berubah aJakartabRajaGrafindo Persadac2005 axx, 328 hlm.;19 cm 0aAgama Islam a05.17.01.03.01